Normal view
MARC view
- Resham, Saleha
Entry Personal Name
001 - CONTROL NUMBER
- control field: 131622
003 - CONTROL NUMBER IDENTIFIER
- control field: NUST
005 - DATE AND TIME OF LATEST TRANSACTION
- control field: 20251029130255.0
008 - FIXED-LENGTH DATA ELEMENTS
- fixed length control field: 251029|| aca||aabn | a|a d
040 ## - CATALOGING SOURCE
- Original cataloging agency: NUST
- Transcribing agency: NUST
100 ## - HEADING--PERSONAL NAME
- Personal name: Resham, Saleha
670 ## - SOURCE DATA FOUND
- Source citation: Work cat.: (NUST): Resham, Saleha, Investigating HCC Frequency, HBx Inhibition through in-silico and CRISPR-Cas9 Approach for HBV Management: From Viral Persistence to Precision Therapy/
